[Event "DM Kandidatklassen 2024"]
[Site "Svendborg"]
[Date "2024.03.26"]
[Round "1"]
[White "Zander, Emil"]
[Black "Riis, Soren Moller"]
[Result "1-0"]
[WhiteElo "2137"]
[BlackElo "2216"]
[PlyCount "63"]
[EventDate "2024.03.26"]
[EventType "swiss"]
[EventRounds "7"]
[EventCountry "DEN"]
[SourceTitle "Live v. Kasper Jerwiarz"]

1. e4 c5 2. Nf3 d6 3. d4 cxd4 4. Nxd4 Nf6 5. Nc3 a6 6. h3 e5 7. Nf3 Qc7 8. a4 b6 9. Be3 Nbd7 10. Nd2 Bb7 11. Qf3 Be7 12. g4 d5 13. exd5 Bb4 14. g5 Bxc3 15. gxf6 Bxd2+ 16. Bxd2 Nxf6 17. c4 O-O 18. Rg1 Ne8 19. Bb4 Rd8 20. Bxf8 Kxf8 21. Be2 Rd6 22. Qe4 Rh6 23. Ra3 Qe7 24. Re3 Qb4+ 25. Kf1 Qxb2 26. Qxe5 Qxe5 27. Rxe5 Rxh3 28. a5 bxa5 29. Kg2 Rc3 30. Rb1 Nd6 31. Rb6 f6 32. Re6 1-0

[Event "DM Kandidatklassen 2024"]
[Site "Svendborg"]
[Date "2024.03.26"]
[Round "1"]
[White "Rewitz, Poul"]
[Black "Nielsen, Phillip"]
[Result "1-0"]
[WhiteElo "2241"]
[BlackElo "2021"]
[PlyCount "95"]
[EventDate "2024.03.26"]
[EventType "swiss"]
[EventRounds "7"]
[EventCountry "DEN"]
[SourceTitle "Live v. Kasper Jerwiarz"]

1. e4 e5 2. Nf3 Nc6 3. d4 exd4 4. Nxd4 Bc5 5. Nxc6 dxc6 6. Qxd8+ Kxd8 7. Nd2 a5 8. Nb3 Bb6 9. a4 Be6 10. Bg5+ f6 11. O-O-O+ Ke8 12. Bh4 Ne7 13. Bg3 Rd8 14. Be2 Kf7 15. f3 Rhe8 16. Kb1 Kf8 17. Rxd8 Rxd8 18. Be1 Bxb3 19. cxb3 Ng6 20. g3 Ke8 21. Bc3 Rd6 22. f4 Nf8 23. Bc4 Nd7 24. Re1 Nc5 25. e5 fxe5 26. Bxe5 Kf8 27. Bxd6+ cxd6 28. Kc2 Bd8 29. g4 h6 30. Bd3 Kf7 31. Bf5 Bf6 32. Re2 d5 33. Rg2 g6 34. Bc8 Ke7 35. g5 hxg5 36. fxg5 Bd4 37. Rg4 Be3 38. b4 axb4 39. Rxb4 Kd8 40. Bxb7 Kc7 41. Ba8 Bxg5 42. Rg4 Ne4 43. h4 Bf6 44. Rxg6 Bxh4 45. Rxc6+ Kb8 46. Rh6 Bg5 47. Rh8+ Kc7 48. Bxd5 1-0

[Event "DM Kandidatklassen 2024"]
[Site "Svendborg"]
[Date "2024.03.26"]
[Round "1"]
[White "Nielsen, Henning"]
[Black "Hansen, Soren Bech"]
[Result "0-1"]
[WhiteElo "2025"]
[BlackElo "2213"]
[PlyCount "50"]
[EventDate "2024.03.26"]
[EventType "swiss"]
[EventRounds "7"]
[EventCountry "DEN"]
[SourceTitle "Live v. Kasper Jerwiarz"]

1. e4 c5 2. Nf3 Nc6 3. d4 cxd4 4. Nxd4 Qb6 5. Nb3 Nf6 6. Nc3 e6 7. Be3 Qc7 8. a3 a6 9. f4 d6 10. Bd3 b5 11. Qe2 Be7 12. g4 Bb7 13. g5 Nd7 14. O-O-O b4 15. axb4 Nxb4 16. Rhf1 d5 17. exd5 Nxd5 18. Bd2 Nb4 19. f5 Nxd3+ 20. Qxd3 e5 21. g6 f6 22. Be3 hxg6 23. Nd5 Qd6 24. fxg6 Bxd5 25. Bc5 Nxc5 0-1

[Event "DM Kandidatklassen 2024"]
[Site "Svendborg"]
[Date "2024.03.26"]
[Round "1"]
[White "Jarlskov, Daniel Tuk Hartso"]
[Black "Iskos, Lukas"]
[Result "1-0"]
[WhiteElo "2130"]
[BlackElo "2059"]
[PlyCount "79"]
[EventDate "2024.03.26"]
[EventType "swiss"]
[EventRounds "7"]
[EventCountry "DEN"]
[SourceTitle "Live v. Kasper Jerwiarz"]

1. d4 Nf6 2. c4 e6 3. Nf3 d5 4. g3 Be7 5. Bg2 O-O 6. O-O dxc4 7. Qc2 a6 8. Qxc4 b5 9. Qc2 Bb7 10. Bd2 Nc6 11. e3 Nb4 12. Bxb4 Bxb4 13. a3 Be7 14. Nbd2 b4 15. axb4 Bxb4 16. Rfc1 Rc8 17. Nb3 Be4 18. Qe2 a5 19. Nxa5 c5 20. Nb3 Nd7 21. dxc5 Bd5 22. c6 Bxb3 23. cxd7 Qxd7 24. Nd4 Bd5 25. Bxd5 Qxd5 26. Qb5 Qxb5 27. Nxb5 Rb8 28. Nd4 Bd6 29. Rab1 Rb6 30. Nc6 f6 31. b4 Rf7 32. b5 e5 33. Na5 Bf8 34. Rc8 Ra7 35. Nc4 Re6 36. Rb8 Ree7 37. b6 Ra4 38. b7 Rxb7 39. R1xb7 Rxc4 40. Rd7 1-0

[Event "DM Kandidatklassen 2024"]
[Site "Svendborg"]
[Date "2024.03.26"]
[Round "1"]
[White "Koch Mueller, Oscar"]
[Black "Loftgaard, Mikkel Vinh"]
[Result "0-1"]
[WhiteElo "1996"]
[BlackElo "2224"]
[PlyCount "102"]
[EventDate "2024.03.26"]
[EventType "swiss"]
[EventRounds "7"]
[EventCountry "DEN"]
[SourceTitle "Live v. Kasper Jerwiarz"]

1. d4 Nf6 2. c4 e6 3. Nf3 d5 4. Nc3 Bb4 5. Qa4+ Nc6 6. e3 O-O 7. Qc2 Re8 8. Bd2 e5 9. dxe5 Nxe5 10. cxd5 Nxf3+ 11. gxf3 Bxc3 12. Bxc3 Qxd5 13. Rg1 Bf5 14. Qd1 Qc6 15. Qd4 Bg6 16. O-O-O Qxf3 17. Rd2 c5 18. Qxc5 Ne4 19. Qd4 Nxc3 20. bxc3 Rac8 21. Bb5 Rf8 22. Kb2 Qh5 23. Ba4 Qxh2 24. Rg5 Qc7 25. Rd5 b5 26. Rd7 Qc6 27. Bc2 b4 28. c4 a5 29. Bxg6 hxg6 30. Rd5 a4 31. Rc2 Rb8 32. Rd6 Qh1 33. Qd1 Qb7 34. Qd5 Qe7 35. Rd7 Qh4 36. Qd4 Qh3 37. c5 b3 38. axb3 Rxb3+ 39. Ka2 Qf1 40. Qd1 Qb5 41. Ka1 Qb4 42. Qc1 Rb8 43. Rd1 Ra3+ 44. Ra2 Rc3 45. Qb1 Rb3 46. Qc2 Qh4 47. c6 Qf6+ 48. Rd4 Qxc6 49. Rh4 Qc3+ 50. Rb2 Qxb2+ 51. Qxb2 Rxb2 0-1

[Event "DM Kandidatklassen 2024"]
[Site "Svendborg"]
[Date "2024.03.26"]
[Round "1"]
[White "Falkesgaard, Jeppe Hald"]
[Black "Hansen, Per"]
[Result "1-0"]
[WhiteElo "2200"]
[BlackElo "2095"]
[PlyCount "61"]
[EventDate "2024.03.26"]
[EventType "swiss"]
[EventRounds "7"]
[EventCountry "DEN"]
[SourceTitle "Live v. Kasper Jerwiarz"]

1. d4 d6 2. c4 Nd7 3. Nc3 e5 4. Nf3 Ngf6 5. g3 g6 6. Bg2 Bg7 7. O-O O-O 8. e4 c6 9. Re1 a5 10. h3 exd4 11. Nxd4 Re8 12. Be3 Nc5 13. Qc2 Qc7 14. Rad1 Bd7 15. Rd2 Rad8 16. Nb3 Nxb3 17. Qxb3 Ra8 18. Bf4 Qc8 19. Na4 Ra6 20. Nb6 a4 21. Qe3 Rxb6 22. Qxb6 Bxh3 23. Rxd6 Bxg2 24. Kxg2 Nd7 25. Qa5 Bf8 26. Rd2 Nc5 27. f3 Ne6 28. Bd6 Bh6 29. Rd3 Rd8 30. Red1 c5 31. Be5 1-0

[Event "DM Kandidatklassen 2024"]
[Site "Svendborg"]
[Date "2024.03.26"]
[Round "1"]
[White "Wahlgreen, Noah Krug"]
[Black "Meskenas, Paulius"]
[Result "0-1"]
[WhiteElo "2051"]
[BlackElo "2187"]
[PlyCount "132"]
[EventDate "2024.03.26"]
[EventType "swiss"]
[EventRounds "7"]
[EventCountry "DEN"]
[SourceTitle "Live v. Kasper Jerwiarz"]

1. e4 e5 2. Nf3 Nc6 3. Bc4 Bc5 4. c3 Nf6 5. d3 d6 6. O-O a6 7. a4 h6 8. b4 Ba7 9. Re1 O-O 10. h3 Be6 11. Bxe6 fxe6 12. Nbd2 Nh5 13. Nf1 Qf6 14. Ra2 Ne7 15. N1h2 Ng6 16. d4 exd4 17. Ng4 Qe7 18. cxd4 Nhf4 19. g3 Nxh3+ 20. Kg2 Ng5 21. Nxg5 hxg5 22. Be3 e5 23. dxe5 Bxe3 24. Qd5+ Qf7 25. Rxe3 Nxe5 26. Nxe5 dxe5 27. Rc2 c6 28. Qxe5 Rae8 29. Qc3 g4 30. Rd2 Qh5 31. Qc4+ Kh8 32. Red3 Kh7 33. Rd7 Rf6 34. R7d6 Rxd6 35. Rxd6 Qe5 36. Rd7 b5 37. Qxc6 bxa4 38. Qxa6 Qxe4+ 39. Kg1 Qe1+ 40. Kg2 Qe4+ 41. Kg1 Qe1+ 42. Kg2 Qxb4 43. Qd3+ Qe4+ 44. Qxe4+ Rxe4 45. Rd6 Kg8 46. Rd7 Rb4 47. Ra7 Kh7 48. Ra6 g6 49. Kf1 Re4 50. f3 Rb4 51. fxg4 Kh6 52. Ra5 Rxg4 53. Kf2 Rb4 54. Kg2 g5 55. Kf3 Kh5 56. Ra6 Rb3+ 57. Kf2 Ra3 58. Rb6 Kg4 59. Rb4+ Kh3 60. g4 Ra1 61. Rc4 a3 62. Ra4 Ra2+ 63. Kf1 Kg3 64. Ke1 Ra1+ 65. Kd2 a2 66. Ke2 Rh1 0-1

[Event "DM Kandidatklassen 2024"]
[Site "Svendborg"]
[Date "2024.03.26"]
[Round "1"]
[White "Gregor, Bjarke"]
[Black "Nielsen Refs, Karl Emil Elmer"]
[Result "1/2-1/2"]
[WhiteElo "2127"]
[BlackElo "2067"]
[PlyCount "138"]
[EventDate "2024.03.26"]
[EventType "swiss"]
[EventRounds "7"]
[EventCountry "DEN"]
[SourceTitle "Live v. Kasper Jerwiarz"]

1. e4 c5 2. Nf3 Nc6 3. d4 cxd4 4. Nxd4 Nf6 5. Nc3 e5 6. Ndb5 d6 7. Nd5 Nxd5 8. exd5 Nb8 9. a4 Be7 10. Be2 O-O 11. Bd2 f5 12. a5 Nd7 13. O-O Nf6 14. c4 f4 15. Qb3 Ne4 16. Bb4 a6 17. Na3 Kh8 18. f3 Ng5 19. c5 dxc5 20. Bc3 e4 21. Rad1 exf3 22. Bxf3 Nxf3+ 23. gxf3 Bh3 24. Rf2 Bf6 25. Nc4 Bxc3 26. Qxc3 Qg5+ 27. Kh1 Rf6 28. Rg1 Qf5 29. Ne5 Rd8 30. Rd2 Qh5 31. b4 Re8 32. Re2 Rd8 33. Qc4 Rf5 34. Ng4 Qf7 35. Qe4 Qxd5 36. Nf2 Qxe4 37. Rxe4 Rh5 38. Rxf4 Be6 39. Re1 Bd5 40. bxc5 Bc6 41. Ne4 h6 42. Nd6 Kg8 43. Rc1 g5 44. Rf5 Rf8 45. Kg2 Rh4 46. Rxf8+ Kxf8 47. Kg3 Ra4 48. Nc4 Rb4 49. Ne5 Rb5 50. f4 gxf4+ 51. Kxf4 Rxa5 52. Kf5 Ke7 53. h4 Be8 54. Ng6+ Kf7 55. Ne5+ Ke7 56. Ng6+ Kd8 57. Kf6 Ra4 58. h5 Kc7 59. Kg7 b5 60. cxb6+ Kxb6 61. Kxh6 a5 62. Re1 Bf7 63. Kg7 Bxg6 64. hxg6 Rg4 65. Rf1 Kb5 66. Kf7 a4 67. g7 a3 68. g8=Q Rxg8 69. Kxg8 Kb4 1/2-1/2

[Event "DM Kandidatklassen 2024"]
[Site "Svendborg"]
[Date "2024.03.26"]
[Round "1"]
[White "Veiergang, Oscar Jacob"]
[Black "Thuesen, Mogens Henrik"]
[Result "1-0"]
[WhiteElo "2041"]
[BlackElo "2158"]
[PlyCount "111"]
[EventDate "2024.03.26"]
[EventType "swiss"]
[EventRounds "7"]
[EventCountry "DEN"]
[SourceTitle "Live v. Kasper Jerwiarz"]

1. e4 e6 2. d4 d5 3. Nd2 c5 4. Ngf3 Nc6 5. exd5 Qxd5 6. Bc4 Qd8 7. dxc5 Bxc5 8. O-O Nf6 9. b3 O-O 10. Bb2 Qe7 11. a3 Rd8 12. Bd3 b6 13. b4 Bd6 14. Re1 Bb7 15. Ng5 Bf4 16. Ndf3 Nd4 17. Bxd4 Bxg5 18. Bxb6 axb6 19. Nxg5 Qc7 20. Qe2 Qc3 21. Qe3 Qc6 22. Nf3 g6 23. h3 Qc3 24. Qe5 Rdc8 25. Qxc3 Rxc3 26. a4 Bxf3 27. gxf3 Nd5 28. Be4 Rc4 29. Reb1 Kg7 30. Rb2 Kf6 31. a5 bxa5 32. bxa5 Ra7 33. a6 Rc6 34. c4 Rxc4 35. Rb7 Ra8 36. a7 Rcc8 37. Rd7 Rc6 38. Rxd5 exd5 39. Bxd5 Rcc8 40. Bxa8 Rxa8 41. Kg2 g5 42. Kg3 Kg6 43. f4 h6 44. fxg5 hxg5 45. Kf3 f5 46. Ke3 Kh5 47. Kd4 Kh4 48. Ra3 f4 49. Kc5 f3 50. Kb6 Rf8 51. Rxf3 Rxf3 52. a8=Q Rxf2 53. Qh8+ Kg3 54. Qh5 Rh2 55. Qg4+ Kf2 56. Kc5 1-0

[Event "DM Kandidatklassen 2024"]
[Site "Svendborg"]
[Date "2024.03.26"]
[Round "1"]
[White "Thorsen, Adrian Stenstrop"]
[Black "Sandmann, Villads Majvang"]
[Result "1-0"]
[WhiteElo "2163"]
[BlackElo "1983"]
[PlyCount "81"]
[EventDate "2024.03.26"]
[EventType "swiss"]
[EventRounds "7"]
[EventCountry "DEN"]
[SourceTitle "Live v. Kasper Jerwiarz"]

1. d4 Nf6 2. Nc3 d5 3. Bf4 e6 4. Nb5 Na6 5. e3 Be7 6. Nf3 O-O 7. Be2 c6 8. Nc3 c5 9. O-O Ne4 10. Nxe4 dxe4 11. Ne5 f6 12. Nc4 b5 13. Na3 cxd4 14. Qxd4 Qxd4 15. exd4 g5 16. Bg3 Bxa3 17. bxa3 Bd7 18. Rab1 Rfc8 19. Rfc1 Rc3 20. a4 Rac8 21. axb5 Nc7 22. Bxc7 R8xc7 23. Rb2 Kf8 24. Kf1 Ke7 25. Ke1 Kd6 26. Kd2 Kd5 27. Rb4 f5 28. a4 e5 29. dxe5 Kxe5 30. a5 R3c5 31. c4 f4 32. Ra1 Rb7 33. b6 a6 34. Kc3 Be6 35. Rbb1 Kd6 36. Rd1+ Kc6 37. Kb4 g4 38. Rd8 f3 39. Rad1 Bd7 40. gxf3 gxf3 41. Bxf3 1-0

[Event "DM Kandidatklassen 2024"]
[Site "Svendborg"]
[Date "2024.03.26"]
[Round "1"]
[White "Wehding, Anton Bonsvig"]
[Black "Medhus, Vitus Bondo"]
[Result "1/2-1/2"]
[WhiteElo "2056"]
[BlackElo "2096"]
[PlyCount "107"]
[EventDate "2024.03.26"]
[EventType "swiss"]
[EventRounds "7"]
[EventCountry "DEN"]
[SourceTitle "Live v. Kasper Jerwiarz"]

1. c4 c5 2. Nc3 Nc6 3. Nf3 e5 4. g3 f5 5. d3 Nf6 6. Bg2 Be7 7. O-O O-O 8. e4 d6 9. Ne1 f4 10. gxf4 exf4 11. Bxf4 Nxe4 12. Nd5 Nf6 13. Nxe7+ Qxe7 14. Nc2 Ng4 15. Qd2 Qf6 16. Bg3 Nge5 17. f4 Ng4 18. h3 Nh6 19. b4 Nf5 20. Bf2 Nh4 21. Bxh4 Qxh4 22. Kh2 Bf5 23. b5 Ne7 24. Ne3 Rf6 25. Rad1 Raf8 26. d4 Bc8 27. dxc5 dxc5 28. Nd5 Nxd5 29. Qxd5+ Be6 30. Qxc5 Rxf4 31. Rd4 g5 32. Qd6 R8f6 33. Qe7 Bf7 34. Rfxf4 gxf4 35. Rd8+ Kg7 36. Qf8+ Kg6 37. Be4+ Kh5 38. Qc5+ Kh6 39. Rd3 b6 40. Qf8+ Kh5 41. Qg7 Qf2+ 42. Bg2 f3 43. Qxh7+ Kg5 44. Qg7+ Kh5 45. Rxf3 Rxf3 46. Qg4+ Kh6 47. Qxf3 Qxf3 48. Bxf3 Bxc4 49. a4 Bb3 50. Kg3 Bxa4 51. Be2 Kg6 52. Kf4 Kf6 53. Bc4 Bd1 54. h4 1/2-1/2

[Event "DM Kandidatklassen 2024"]
[Site "Svendborg"]
[Date "2024.03.26"]
[Round "1"]
[White "Perets, Dmytro"]
[Black "Snedker, Oliver Kaehne"]
[Result "1-0"]
[WhiteElo "2137"]
[BlackElo "2015"]
[PlyCount "133"]
[EventDate "2024.03.26"]
[EventType "swiss"]
[EventRounds "7"]
[EventCountry "DEN"]
[SourceTitle "Live v. Kasper Jerwiarz"]

1. e4 c5 2. Nc3 d6 3. g3 Nf6 4. Bg2 Nc6 5. Nge2 g6 6. h3 Bg7 7. d3 O-O 8. Be3 e6 9. Qd2 Rb8 10. f4 Re8 11. O-O a6 12. Rad1 Qc7 13. g4 b5 14. f5 b4 15. Nb1 exf5 16. gxf5 Bb7 17. Bg5 Rf8 18. Rf2 Ne5 19. Rdf1 Ned7 20. Qf4 Nh5 21. Qh4 Bf6 22. Bxf6 Nhxf6 23. Nf4 Qd8 24. Qh6 Qe7 25. Nd2 a5 26. Nc4 a4 27. Ne3 Ne5 28. Nfd5 Bxd5 29. Nxd5 Nxd5 30. exd5 Qf6 31. fxg6 Qxg6 32. Rf6 Qxh6 33. Rxh6 Ng6 34. Be4 Kg7 35. Rh5 b3 36. cxb3 axb3 37. a3 Rbc8 38. Rc1 Rfe8 39. Rc3 Rxe4 40. dxe4 Nf4 41. Rg5+ Kh6 42. Rgg3 Ne2+ 43. Kf2 Nxc3 44. Rxc3 c4 45. Ke3 Kg5 46. a4 Ra8 47. Rxc4 Kh4 48. e5+ Kxh3 49. exd6 Kg3 50. Ke4 h5 51. Kf5 Rd8 52. Rc3+ Kg2 53. Ke5 h4 54. Rxb3 h3 55. Rc3 h2 56. Rc2+ Kg3 57. Rc1 f5 58. Kxf5 Rf8+ 59. Ke6 Kg2 60. d7 Rf1 61. d8=Q h1=Q 62. Qg5+ Kf2 63. Qf4+ Ke2 64. Rc2+ Kd3 65. Rc3+ Ke2 66. Qe3+ Kd1 67. Rc1# 1-0

[Event "DM Kandidatklassen 2024"]
[Site "Svendborg"]
[Date "2024.03.27"]
[Round "2"]
[White "Meskenas, Paulius"]
[Black "Rewitz, Poul"]
[Result "0-1"]
[WhiteElo "2187"]
[BlackElo "2241"]
[PlyCount "60"]
[EventDate "2024.03.26"]
[EventType "swiss"]
[EventRounds "7"]
[EventCountry "DEN"]
[SourceTitle "Live v. Kasper Jerwiarz"]

1. e4 d5 2. exd5 Nf6 3. c4 c6 4. d4 cxd5 5. Nc3 Nc6 6. Nf3 Bg4 7. Be3 e6 8. h3 Bh5 9. g4 Bg6 10. Ne5 Be7 11. Bg2 O-O 12. Nxg6 hxg6 13. cxd5 Nxd5 14. Nxd5 exd5 15. O-O Qd7 16. f4 Rfe8 17. Qd3 Bd6 18. Bd2 Bc7 19. f5 Nxd4 20. Be3 Rxe3 21. Qxe3 Re8 22. Qxd4 Bb6 23. Qxb6 axb6 24. fxg6 fxg6 25. Rad1 d4 26. Rf3 Re2 27. Rfd3 Qc7 28. g5 Qe5 29. Kf1 Rxb2 30. Re1 Qh2 0-1

[Event "DM Kandidatklassen 2024"]
[Site "Svendborg"]
[Date "2024.03.27"]
[Round "2"]
[White "Hansen, Soren Bech"]
[Black "Thorsen, Adrian Stenstrop"]
[Result "1-0"]
[WhiteElo "2213"]
[BlackElo "2163"]
[PlyCount "81"]
[EventDate "2024.03.26"]
[EventType "swiss"]
[EventRounds "7"]
[EventCountry "DEN"]
[SourceTitle "Live v. Kasper Jerwiarz"]

1. e4 e5 2. Nf3 Nc6 3. Bc4 Bc5 4. O-O Nf6 5. d3 O-O 6. a4 a5 7. c3 d5 8. exd5 Nxd5 9. Re1 Bg4 10. h3 Bh5 11. Nbd2 Nb6 12. Bb5 Bd6 13. Ne4 f5 14. Ng3 Bxf3 15. Qxf3 Qd7 16. Nf1 Rae8 17. Be3 Nc8 18. Qd5+ Kh8 19. f4 N8e7 20. Qf3 exf4 21. Bxf4 Bxf4 22. Qxf4 Nd5 23. Qf2 f4 24. Rxe8 Qxe8 25. Re1 Qh5 26. Qc5 Qf7 27. Re2 Nde7 28. Bc4 Qf6 29. Nh2 Qf5 30. Qb5 Ng6 31. Be6 Qxb5 32. axb5 Nd8 33. Bd5 b6 34. Kf2 Nf7 35. Bxf7 Rxf7 36. Re8+ Rf8 37. Rxf8+ Nxf8 38. Kf3 g5 39. Ke4 Kg7 40. Kd5 Kf7 41. Kc6 1-0

[Event "DM Kandidatklassen 2024"]
[Site "Svendborg"]
[Date "2024.03.27"]
[Round "2"]
[White "Perets, Dmytro"]
[Black "Jarlskov, Daniel Tuk Hartso"]
[Result "1-0"]
[WhiteElo "2137"]
[BlackElo "2130"]
[PlyCount "99"]
[EventDate "2024.03.26"]
[EventType "swiss"]
[EventRounds "7"]
[EventCountry "DEN"]
[SourceTitle "Live v. Kasper Jerwiarz"]

1. Nf3 d5 2. c4 c6 3. d4 Nf6 4. e3 e6 5. Nbd2 Bd6 6. Bd3 Nbd7 7. e4 e5 8. O-O O-O 9. cxd5 cxd5 10. Re1 h6 11. exd5 exd4 12. Ne4 Nxe4 13. Bxe4 Nf6 14. Qxd4 b6 15. b4 a5 16. bxa5 Rxa5 17. Bb2 Bb7 18. Bc3 Ra8 19. Rad1 Rxa2 20. Qc4 Ra8 21. Ne5 Nxe4 22. Qxe4 Re8 23. Qg4 Qc8 24. Qd4 Bc5 25. Qf4 Rf8 26. Qg3 f6 27. Ng6 Rf7 28. d6 Qd7 29. Ne7+ Kh8 30. Ng6+ Kg8 31. Ne7+ Kh8 32. Qg6 Rff8 33. Bd2 Qe8 34. Qg3 Kh7 35. Qd3+ f5 36. Qg3 Qf7 37. h4 Be4 38. Bc3 Ra2 39. Bd4 Bxd4 40. Rxd4 Qf6 41. Rdd1 Rd8 42. h5 f4 43. Qb3 Rb2 44. Qc4 Ba8 45. Qd3+ Kh8 46. Ng6+ Kg8 47. d7 Bc6 48. Ne7+ Kh8 49. Nxc6 Qxc6 50. Qg6 1-0

[Event "DM Kandidatklassen 2024"]
[Site "Svendborg"]
[Date "2024.03.27"]
[Round "2"]
[White "Loftgaard, Mikkel Vinh"]
[Black "Zander, Emil"]
[Result "1-0"]
[WhiteElo "2224"]
[BlackElo "2137"]
[PlyCount "69"]
[EventDate "2024.03.26"]
[EventType "swiss"]
[EventRounds "7"]
[EventCountry "DEN"]
[SourceTitle "Live v. Kasper Jerwiarz"]

1. e4 c5 2. Nf3 d6 3. Bc4 Nf6 4. d3 g6 5. e5 dxe5 6. Nxe5 e6 7. Qf3 Bg7 8. Bg5 h6 9. Bb5+ Ke7 10. Be3 Qc7 11. Bf4 Qa5+ 12. Nc3 Qb4 13. O-O a6 14. Nc4 axb5 15. a3 Qxc3 16. Bd6+ Ke8 17. bxc3 bxc4 18. Bxc5 Nc6 19. dxc4 Ra4 20. Bb4 e5 21. Qe3 Ra6 22. Rfe1 Be6 23. Rad1 Nd7 24. Qd3 Kd8 25. Rd2 Kc8 26. Red1 Re8 27. Qf3 Nb6 28. Rd6 Nxc4 29. Rxe6 Rxe6 30. Qxf7 Nxb4 31. Qg8+ Kc7 32. Qd8+ Kc6 33. Qd7+ Kb6 34. Qxe6+ Kb5 35. a4+ 1-0

[Event "DM Kandidatklassen 2024"]
[Site "Svendborg"]
[Date "2024.03.27"]
[Round "2"]
[White "Veiergang, Oscar Jacob"]
[Black "Falkesgaard, Jeppe Hald"]
[Result "1/2-1/2"]
[WhiteElo "2041"]
[BlackElo "2200"]
[PlyCount "65"]
[EventDate "2024.03.26"]
[EventType "swiss"]
[EventRounds "7"]
[EventCountry "DEN"]
[SourceTitle "Live v. Kasper Jerwiarz"]

1. b3 d5 2. Bb2 c5 3. e3 Nc6 4. f4 Nf6 5. Nf3 g6 6. Bb5 Bg7 7. c4 O-O 8. cxd5 Nxd5 9. Bxg7 Kxg7 10. Bxc6 bxc6 11. O-O Ba6 12. Re1 Qa5 13. Qc1 Rfd8 14. Na3 f6 15. Nc4 Qb4 16. Rb1 Nb6 17. a3 Qb5 18. Rb2 Nxc4 19. Qxc4 Qxc4 20. bxc4 Rd3 21. Ra1 Bxc4 22. Rc1 Bd5 23. Rxc5 Rxa3 24. Nd4 a5 25. Nxc6 Bxc6 26. Rxc6 Ra1+ 27. Kf2 a4 28. Rb7 Kf7 29. Rcc7 Re8 30. Ra7 a3 31. e4 h5 32. d4 a2 33. d5 1/2-1/2

[Event "DM Kandidatklassen 2024"]
[Site "Svendborg"]
[Date "2024.03.27"]
[Round "2"]
[White "Medhus, Vitus Bondo"]
[Black "Gregor, Bjarke"]
[Result "1-0"]
[WhiteElo "2096"]
[BlackElo "2127"]
[PlyCount "73"]
[EventDate "2024.03.26"]
[EventType "swiss"]
[EventRounds "7"]
[EventCountry "DEN"]
[SourceTitle "Live v. Kasper Jerwiarz"]

1. e4 c5 2. Nc3 Nc6 3. f4 g6 4. Nf3 Bg7 5. a3 a6 6. Be2 e6 7. b4 b6 8. e5 d6 9. Bb2 dxe5 10. b5 Nd4 11. fxe5 f5 12. exf6 Nxf6 13. O-O O-O 14. bxa6 Bxa6 15. Bxa6 Rxa6 16. Ne2 Ne4 17. Nfxd4 cxd4 18. Rxf8+ Qxf8 19. d3 Qf2+ 20. Kh1 Nc3 21. Bxc3 dxc3 22. Ng3 Qf8 23. Qg4 b5 24. h4 b4 25. Rf1 Qb8 26. axb4 Be5 27. Ne4 Qe8 28. Nc5 Ra2 29. Nxe6 Rxc2 30. Qc4 Kh8 31. d4 Bg7 32. d5 h5 33. Qc7 Bh6 34. Nd4 Rc1 35. Rxc1 Bxc1 36. Qxc3 Qd8 37. Ne6+ 1-0

[Event "DM Kandidatklassen 2024"]
[Site "Svendborg"]
[Date "2024.03.27"]
[Round "2"]
[White "Nielsen Refs, Karl Emil Elmer"]
[Black "Wehding, Anton Bonsvig"]
[Result "1-0"]
[WhiteElo "2067"]
[BlackElo "2056"]
[PlyCount "79"]
[EventDate "2024.03.26"]
[EventType "swiss"]
[EventRounds "7"]
[EventCountry "DEN"]
[SourceTitle "Live v. Kasper Jerwiarz"]

1. d4 d5 2. c4 dxc4 3. e4 e5 4. Nf3 exd4 5. Bxc4 Nc6 6. O-O Be6 7. Bxe6 fxe6 8. Qb3 Qd7 9. Qxb7 Rb8 10. Qa6 Nge7 11. a3 Ng6 12. Rd1 Be7 13. b4 Rb6 14. Qd3 O-O 15. Nbd2 Nce5 16. Nxe5 Nxe5 17. Qg3 Bd6 18. f4 Ng6 19. Nc4 Nxf4 20. Bxf4 Bxf4 21. Nxb6 Qd6 22. Nc4 Bxg3 23. Nxd6 Bf2+ 24. Kh1 cxd6 25. Rf1 e5 26. g3 d5 27. Kg2 Be3 28. Rxf8+ Kxf8 29. Kf3 dxe4+ 30. Kxe4 Bd2 31. Kxe5 Bc3 32. Rd1 Bb2 33. a4 Bc3 34. b5 d3+ 35. Kd5 d2 36. Kc6 Ke7 37. Kb7 Kd6 38. Kxa7 Bd4+ 39. Kb7 Bc3 40. b6 1-0

[Event "DM Kandidatklassen 2024"]
[Site "Svendborg"]
[Date "2024.03.27"]
[Round "2"]
[White "Riis, Soren Moller"]
[Black "Koch Mueller, Oscar"]
[Result "1/2-1/2"]
[WhiteElo "2216"]
[BlackElo "1996"]
[PlyCount "92"]
[EventDate "2024.03.26"]
[EventType "swiss"]
[EventRounds "7"]
[EventCountry "DEN"]
[SourceTitle "Live v. Kasper Jerwiarz"]

1. d4 Nf6 2. c4 e6 3. g3 d5 4. Bg2 Bb4+ 5. Bd2 a5 6. a3 Be7 7. Qc2 O-O 8. Bf4 c6 9. Nf3 Nbd7 10. Nbd2 Nh5 11. O-O Nxf4 12. gxf4 b6 13. Ne5 Nxe5 14. fxe5 Ba6 15. cxd5 cxd5 16. Nf3 Rc8 17. Qd2 Qd7 18. Rfc1 Rc4 19. e3 Rfc8 20. Bf1 Rxc1 21. Rxc1 Bxf1 22. Kxf1 Qb5+ 23. Ke1 Rc4 24. Ng1 f6 25. exf6 Bxf6 26. Ne2 Qd7 27. b3 Rxc1+ 28. Qxc1 e5 29. a4 exd4 30. Nxd4 h5 31. Qc6 Qxc6 32. Nxc6 Kf7 33. Ke2 Ke6 34. f4 Kd6 35. Nd4 Bxd4 36. exd4 Ke6 37. Kf2 Kf6 38. Kg3 Kg6 39. Kg2 Kh6 40. Kg3 g5 41. fxg5+ Kxg5 42. h4+ Kg6 43. Kg2 Kf6 44. Kf2 Ke6 45. Ke2 Kf5 46. Kf3 Ke6 1/2-1/2

[Event "DM Kandidatklassen 2024"]
[Site "Svendborg"]
[Date "2024.03.27"]
[Round "2"]
[White "Thuesen, Mogens Henrik"]
[Black "Hansen, Per"]
[Result "1/2-1/2"]
[WhiteElo "2158"]
[BlackElo "2095"]
[PlyCount "73"]
[EventDate "2024.03.26"]
[EventType "swiss"]
[EventRounds "7"]
[EventCountry "DEN"]
[SourceTitle "Live v. Kasper Jerwiarz"]

1. e4 d6 2. d4 Nf6 3. Nc3 Nbd7 4. Be3 e5 5. h3 c6 6. a4 Be7 7. Nf3 Qc7 8. g4 h6 9. Bc4 Nxe4 10. Nxe4 d5 11. Bd3 dxe4 12. Bxe4 Nf6 13. Qd3 Nxe4 14. Qxe4 exd4 15. Nxd4 O-O 16. O-O-O Bf6 17. h4 Qe5 18. Qg2 Be6 19. g5 Bd5 20. Qg4 h5 21. Qg1 Be7 22. Rh3 g6 23. f4 Qc7 24. Ne2 Be6 25. Rf3 Bg4 26. Rf2 Qa5 27. Kb1 Bb4 28. f5 Qxa4 29. Rd4 Qb5 30. Rxg4 hxg4 31. Qxg4 Bc5 32. fxg6 Bxe3 33. Qh5 fxg6 34. Qxg6+ Kh8 35. Qh6+ Kg8 36. Qg6+ Kh8 37. Qh6+ 1/2-1/2

[Event "DM Kandidatklassen 2024"]
[Site "Svendborg"]
[Date "2024.03.27"]
[Round "2"]
[White "Nielsen, Phillip"]
[Black "Wahlgreen, Noah Krug"]
[Result "1/2-1/2"]
[WhiteElo "2021"]
[BlackElo "2051"]
[PlyCount "30"]
[EventDate "2024.03.26"]
[EventType "swiss"]
[EventRounds "7"]
[EventCountry "DEN"]
[SourceTitle "Live v. Kasper Jerwiarz"]

1. d4 d5 2. Bf4 c5 3. e3 Nf6 4. c3 Nc6 5. Nd2 Bg4 6. Qb3 cxd4 7. exd4 Qc8 8. h3 Bh5 9. Ngf3 e6 10. Be2 Be7 11. O-O O-O 12. Rfe1 Bg6 13. Ne5 Nxe5 14. Bxe5 Ne4 15. Nxe4 Bxe4 1/2-1/2